| 000 | 00516nam a2200193Ia 4500 | ||
|---|---|---|---|
| 003 | LK-CoDNM | ||
| 008 | 010623t1916 xxu||||| |||| 00| 1 eng d | ||
| 040 |
_aLK-CoDNM _dLK-CoDNM _eLK-CoDNM |
||
| 041 | _aeng | ||
| 080 |
_a50 _bC11 |
||
| 100 |
_aPereira,D _eed. |
||
| 245 | _aThe Peradniyan : Magazine of the School of Tropical Agriculture | ||
| 260 |
_bMiller Company _aKandy _c1916 |
||
| 300 | _b45P,1ill., 20 cm | ||
| 650 | _aAgriculture | ||
| 650 | _aJapan | ||
| 700 |
_aWijegunawardhana,F _eed. |
||
| 942 | _cBK | ||
| 999 |
_c88798 _d88798 |
||